[Event "DSOL 2021"]
[Site "Germany"]
[Date "2021.03.17"]
[Round "6.2"]
[White "Zipfel, Frank"]
[Black "Burchert, Wolfgang"]
[Result "0-1"]
[WhiteElo "2146"]
[BlackElo "2064"]
[Annotator "TA"]
[PlyCount "138"]
[EventDate "2021.01.18"]
[EventType "team-tourn"]
[EventCountry "GER"]
[SourceTitle "playchess.com"]
[Source "ChessBase"]
[SourceQuality "1"]

1. e4 c5 2. Nf3 e6 3. d4 cxd4 4. Nxd4 Nf6 5. Nc3 Nc6 6. Ndb5 d6 7. Bf4 e5 8. Bg5 a6 9. Na3 b5 10. Nd5 Qa5+ 11. Bd2 Qd8 12. Bg5 Qa5+ 13. Bd2 Qd8 14. Nxf6+ Qxf6 15. g3 Qg6 16. Bg2 Be7 17. O-O h5 18. f4 Bg4 19. Qe1 h4 20. c3 hxg3 21. Qxg3 Bh4 22. Qd3 Qh5 23. Qd5 Rc8 24. fxe5 dxe5 25. Nc2 Bd8 26. h3 Be6 27. Qd3 Bb6+ 28. Kh2 Bc4 29. Qg3 Bxf1 30. Rxf1 g6 31. Be3 Bxe3 32. Nxe3 Qh4 33. Qf3 O-O 34. Nd5 Nd8 35. Qe3 Ne6 36. Nf6+ Kg7 37. Ng4 f6 38. Rf3 Nf4 39. Rg3 Rf7 40. Bf1 Rd8 41. a4 bxa4 42. Bxa6 Rd1 43. Bb5 Rfd7 44. Bxd7 Rxd7 45. Nf2 Rb7 46. Qd2 Qh5 47. Re3 Ra7 48. Qd1 Qh4 49. Qd2 a3 50. bxa3 Rxa3 51. Qd7+ Kh6 52. Ng4+ Kg5 53. Qd2 Ra1 54. Rg3 Rf1 55. Nxe5+ Kh5 56. Qe3 fxe5 57. Rg4 Qf2+ 58. Qxf2 Rxf2+ 59. Kg3 Rc2 60. Rh4+ Kg5 61. Rg4+ Kf6 62. h4 Rxc3+ 63. Kf2 Rc2+ 64. Kf3 Rh2 65. Kg3 Rg2+ 66. Kf3 Rxg4 67. Kxg4 Ne6 68. h5 gxh5+ 69. Kxh5 Nc5 0-1

[Event "DSOL 2021"]
[Site "Germany"]
[Date "2021.03.15"]
[Round "6.2"]
[White "Dunsbach, Ralf"]
[Black "Wielebinski, Paul Martin"]
[Result "1-0"]
[WhiteElo "2142"]
[BlackElo "2067"]
[Annotator "TA"]
[PlyCount "83"]
[EventDate "2021.01.18"]
[EventType "team-tourn"]
[EventCountry "GER"]
[SourceTitle "playchess.com"]
[Source "ChessBase"]
[SourceQuality "1"]

1. c4 c5 2. g3 Nc6 3. Bg2 g6 4. Nf3 Bg7 5. Nc3 Nf6 6. d4 cxd4 7. Nxd4 O-O 8. O-O Nxd4 9. Qxd4 d6 10. Qd3 Bf5 11. e4 Be6 12. b3 Nd7 13. Bb2 a6 14. Qd2 Qa5 15. Rad1 Rfe8 16. f4 Bg4 17. Rde1 Nc5 18. f5 b5 19. h3 b4 20. Nd5 Bxb2 21. Qxb2 Nd3 22. Qd2 Nxe1 23. Rxe1 Qc5+ 24. Kh2 Bh5 25. g4 Bxg4 26. hxg4 Kg7 27. Kg3 a5 28. Rh1 h5 29. gxh5 gxf5 30. exf5 f6 31. Rh4 Kf7 32. Rg4 Rg8 33. Rg6 Rg7 34. Qe2 e5 35. fxe6+ Kf8 36. Rxg7 Kxg7 37. e7 Kf7 38. Qg4 Re8 39. Qg6+ Ke6 40. Qxe8 Qd4 41. Qg8+ Kf5 42. Qg6+ 1-0

[Event "DSOL 2021"]
[Site "Germany"]
[Date "2021.03.19"]
[Round "6.2"]
[White "Uhl, Heinz"]
[Black "Manusina, Nicole"]
[Result "1-0"]
[WhiteElo "2141"]
[BlackElo "1996"]
[Annotator "NA"]
[PlyCount "57"]
[EventDate "2021.01.18"]
[EventType "team-tourn"]
[EventCountry "GER"]
[SourceTitle "playchess.com"]
[Source "ChessBase"]
[SourceQuality "1"]
[WhiteTeam "SC Weisse Dame"]
[BlackTeam "SK Lehrte I"]

1. c4 e6 2. Nc3 Nf6 3. e4 d6 4. d4 Be7 5. f4 O-O 6. e5 dxe5 7. fxe5 Nfd7 8. Nf3 c6 9. Bd3 f6 10. Qc2 f5 11. h4 Na6 12. a3 Nc7 13. g4 Qe8 14. Bg5 c5 15. gxf5 cxd4 16. Ne2 Nc5 17. f6 Nxd3+ 18. Qxd3 gxf6 19. Bh6 Rf7 20. O-O-O Bf8 21. Rdg1+ Kh8 22. Bxf8 Qxf8 23. exf6 Qh6+ 24. Ng5 Rxf6 25. Qxd4 Ne8 26. Nf4 Qg7 27. Nh5 Rf1+ 28. Rxf1 Qxd4 29. Rf8# 1-0

[Event "DSOL 2021"]
[Site "Germany"]
[Date "2021.03.18"]
[Round "6.2"]
[White "Einwiller, Dieter"]
[Black "Runte, Moritz"]
[Result "0-1"]
[WhiteElo "2138"]
[BlackElo "2133"]
[Annotator "TA"]
[PlyCount "88"]
[EventDate "2021.01.18"]
[EventType "team-tourn"]
[EventCountry "GER"]
[SourceTitle "playchess.com"]
[Source "ChessBase"]
[SourceQuality "1"]

1. d4 d5 2. Bf4 c5 3. e3 Nc6 4. c3 Bf5 5. Bd3 Bg6 6. Bxg6 hxg6 7. Nf3 e6 8. Nbd2 Nf6 9. Qb3 Qb6 10. dxc5 Bxc5 11. Qxb6 Bxb6 12. h3 Rc8 13. O-O Bc7 14. Bxc7 Rxc7 15. Rfe1 Ke7 16. e4 dxe4 17. Nxe4 Rd8 18. Nxf6 gxf6 19. Rad1 Rcd7 20. Rxd7+ Rxd7 21. Kf1 b5 22. Ke2 b4 23. Rc1 e5 24. Ne1 bxc3 25. bxc3 Na5 26. c4 Rd4 27. c5 Kd7 28. Nd3 Kc6 29. a3 Nc4 30. Rc3 a5 31. f3 Kd5 32. Rb3 Kc6 33. a4 f5 34. Rb5 Rd5 35. h4 e4 36. fxe4 fxe4 37. Nf2 f5 38. g3 Rd2+ 39. Ke1 e3 40. Nd1 Rg2 41. Rb3 Rxg3 42. Rc3 Kxc5 43. Nb2 Rg1+ 44. Ke2 Rg2+ 0-1

[Event "DSOL 2021"]
[Site "Germany"]
[Date "2021.03.16"]
[Round "6.2"]
[White "Lindam, Ingo"]
[Black "Muedder, Melanie"]
[Result "1-0"]
[WhiteElo "2137"]
[BlackElo "1950"]
[Annotator "TA"]
[PlyCount "109"]
[EventDate "2021.01.18"]
[EventType "team-tourn"]
[EventCountry "GER"]
[SourceTitle "playchess.com"]
[Source "ChessBase"]
[SourceQuality "1"]

1. d4 Nf6 2. Bg5 Ne4 3. h4 Nxg5 4. hxg5 d5 5. e3 Bf5 6. g4 Bd7 7. Bg2 e6 8. g6 Qf6 9. gxf7+ Qxf7 10. Qd3 g6 11. Nf3 Nc6 12. Nbd2 O-O-O 13. c4 e5 14. Nxe5 Nxe5 15. dxe5 dxc4 16. Qxc4 Qxc4 17. Nxc4 Bb4+ 18. Kf1 Bxg4 19. a3 Be7 20. Be4 Be6 21. Rc1 Bxc4+ 22. Rxc4 Rd2 23. Rc2 Rd1+ 24. Kg2 Rxh1 25. Kxh1 Rf8 26. Kg2 h5 27. f4 g5 28. f5 c6 29. f6 Bd8 30. Bf5+ Kb8 31. Rd2 Bxf6 32. exf6 Rxf6 33. e4 Kc7 34. Rd7+ Kb6 35. Rg7 g4 36. Kg3 Rd6 37. Kf4 Rd2 38. Bc8 Rf2+ 39. Ke5 Rf8 40. Rxb7+ Ka6 41. Rc7+ Kb6 42. Rb7+ Ka6 43. Rb8+ Ka5 44. Kd6 g3 45. Kxc6 a6 46. Ra8 Ka4 47. Rxa6+ Kb3 48. Rb6+ Kc2 49. Bh3 Rf2 50. e5 g2 51. Bxg2 Rxg2 52. e6 Re2 53. Kd7 h4 54. e7 Rd2+ 55. Rd6 1-0

[Event "DSOL 2021"]
[Site "Germany"]
[Date "2021.03.18"]
[Round "6.2"]
[White "Nguyen Luu, Truong-Son"]
[Black "Browning, Rebecca"]
[Result "1-0"]
[WhiteElo "2133"]
[BlackElo "1918"]
[Annotator "RC"]
[PlyCount "135"]
[EventDate "2021.01.18"]
[EventType "team-tourn"]
[EventCountry "GER"]
[SourceTitle "playchess.com"]
[Source "ChessBase"]
[SourceQuality "1"]

1. d4 d5 2. Nc3 Nf6 3. Bf4 c6 4. Nf3 Bf5 5. e3 e6 6. Bd3 Bxd3 7. Qxd3 Bd6 8. Bg5 Nbd7 9. O-O h6 10. Bh4 Qc7 11. Rab1 O-O 12. b4 a6 13. a4 Ne8 14. e4 g5 15. e5 Be7 16. Bg3 Ng7 17. h3 Qd8 18. Rfe1 h5 19. Ne2 Nf5 20. Bh2 Kg7 21. Ng3 Nxg3 22. Bxg3 Rh8 23. Rb3 Nb6 24. a5 Nc4 25. Nd2 Nxd2 26. Qxd2 Rh6 27. f4 gxf4 28. Qxf4 h4 29. Rf1 Qg8 30. Be1 Rf8 31. g4 Qh7 32. Rd3 Rg6 33. Qf2 f5 34. Rf3 Qh8 35. Kh1 Qg8 36. gxf5 exf5 37. Rxf5 Qe6 38. Qf3 Rxf5 39. Qxf5 Qxf5 40. Rxf5 Rg5 41. Rf4 Rh5 42. Bd2 Rh7 43. Rg4+ Kf7 44. Bg5 Bxb4 45. Bd8 Be1 46. Rf4+ Ke8 47. Bb6 Rf7 48. Rg4 Bg3 49. Rg8+ Rf8 50. Rg7 Rf7 51. Rg6 Rf1+ 52. Kg2 Rf2+ 53. Kg1 Rxc2 54. Bc5 Kf7 55. Rf6+ Kg7 56. Bf8+ Kg8 57. e6 Rc1+ 58. Kg2 Re1 59. Bb4 Re4 60. Rf8+ Kg7 61. e7 Rxe7 62. Bxe7 Be1 63. Rb8 Bxa5 64. Rxb7 Kg6 65. Ra7 Bc3 66. Rxa6 Bxd4 67. Rxc6+ Kf5 68. Bxh4 1-0

[Event "DSOL 2021"]
[Site "Germany"]
[Date "2021.03.19"]
[Round "6.2"]
[White "Vidonyak, Nellya"]
[Black "Busch, Michael"]
[Result "1-0"]
[WhiteElo "2129"]
[BlackElo "1927"]
[Annotator "NA"]
[PlyCount "63"]
[EventDate "2021.01.18"]
[EventType "team-tourn"]
[EventCountry "GER"]
[SourceTitle "playchess.com"]
[Source "ChessBase"]
[SourceQuality "1"]
[WhiteTeam "Bayern München II Amazonen"]
[BlackTeam "SV Königsjäger SW I"]

1. d4 d5 2. Nf3 e6 3. b3 c5 4. Bb2 Nf6 5. e3 Nc6 6. Be2 cxd4 7. Nxd4 Bd6 8. O-O O-O 9. c4 Nxd4 10. Qxd4 e5 11. Qh4 Be6 12. Rd1 dxc4 13. Ba3 Ne8 14. Qxd8 Rxd8 15. bxc4 Bxa3 16. Nxa3 Nc7 17. c5 Rd5 18. Rdc1 Rfd8 19. Rab1 Bc8 20. Bc4 Rd2 21. Bb3 Be6 22. Nc4 R2d3 23. Nxe5 Rd2 24. Nf3 R2d7 25. Ba4 Rd3 26. Rxb7 Nd5 27. Bb3 Nc3 28. Kf1 Bxb3 29. axb3 Na2 30. Ra1 Rd1+ 31. Rxd1 Rxd1+ 32. Ne1 1-0

[Event "DSOL 2021"]
[Site "Germany"]
[Date "2021.03.15"]
[Round "6.2"]
[White "Rumpf, Thomas"]
[Black "Ulrich, Andreas"]
[Result "1/2-1/2"]
[WhiteElo "2110"]
[BlackElo "1925"]
[Annotator "TA"]
[PlyCount "44"]
[EventDate "2021.01.18"]
[EventType "team-tourn"]
[EventCountry "GER"]
[SourceTitle "playchess.com"]
[Source "ChessBase"]
[SourceQuality "1"]

1. e4 e6 2. Nf3 d5 3. Nc3 Nf6 4. e5 Nfd7 5. d4 c5 6. dxc5 Nc6 7. Bf4 Bxc5 8. Bd3 h6 9. h4 a6 10. O-O b5 11. h5 O-O 12. Re1 f5 13. Bf1 Nb6 14. Ne2 Bd7 15. c3 Ra7 16. Ned4 Rc7 17. Nxc6 Bxc6 18. Nd4 Bd7 19. Rc1 Be7 20. Qd2 Bg5 21. Nf3 Bxf4 22. Qxf4 Qe8 1/2-1/2

[Event "DSOL 2021"]
[Site "Germany"]
[Date "2021.03.17"]
[Round "6.2"]
[White "Pfrengle, Tim"]
[Black "Trzaska, Peter"]
[Result "1/2-1/2"]
[WhiteElo "2096"]
[BlackElo "2093"]
[Annotator "TA"]
[PlyCount "50"]
[EventDate "2021.01.18"]
[EventType "team-tourn"]
[EventCountry "GER"]
[SourceTitle "playchess.com"]
[Source "ChessBase"]
[SourceQuality "1"]

1. d4 d5 2. Bf4 c6 3. e3 Qb6 4. Qc1 Bf5 5. c4 e6 6. Nc3 Nf6 7. Nf3 h6 8. c5 Qd8 9. h3 Nbd7 10. Be2 a5 11. O-O Be7 12. a3 O-O 13. b4 Ne4 14. Nxe4 dxe4 15. Ne5 Nxe5 16. Bxe5 Bf6 17. Bg3 Re8 18. Qb2 b5 19. a4 bxa4 20. b5 e5 21. Bxe5 Bxe5 22. dxe5 cxb5 23. Qxb5 Rxe5 24. Rfc1 Qg5 25. Qb7 Rc8 1/2-1/2

[Event "DSOL 2021"]
[Site "Germany"]
[Date "2021.03.17"]
[Round "6.2"]
[White "Wilting, Alexander"]
[Black "Bohnhoff, Peter"]
[Result "1-0"]
[WhiteElo "2072"]
[BlackElo "2078"]
[Annotator "NA"]
[PlyCount "65"]
[EventDate "2021.01.18"]
[EventType "team-tourn"]
[EventCountry "GER"]
[SourceTitle "playchess.com"]
[Source "ChessBase"]
[SourceQuality "1"]

1. e4 e5 2. Nf3 d6 3. d4 exd4 4. Nxd4 Nf6 5. Nc3 Be7 6. Bf4 O-O 7. Be2 Re8 8. O-O Bf8 9. Bf3 Nbd7 10. Bg5 h6 11. Bh4 c6 12. Qd2 Nxe4 13. Nxe4 Qxh4 14. Nf5 Qd8 15. Nfxd6 f5 16. Nxe8 fxe4 17. Bh5 Qh4 18. Be2 Ne5 19. Nd6 Bg4 20. Nxe4 Re8 21. f3 Bc8 22. Qe1 Qd8 23. Qg3 Kh8 24. b3 Qd4+ 25. Kh1 Bf5 26. c3 Qe3 27. Rae1 Bxe4 28. fxe4 Qc5 29. Bh5 Rd8 30. b4 Qe7 31. Rf5 Nd3 32. Ref1 Rc8 33. Qxd3 1-0

[Event "DSOL 2021"]
[Site "Germany"]
[Date "2021.03.15"]
[Round "6.2"]
[White "Hoette, Ludger"]
[Black "Riering, Berthold"]
[Result "0-1"]
[WhiteElo "2064"]
[BlackElo "1971"]
[Annotator "TA"]
[PlyCount "74"]
[EventDate "2021.01.18"]
[EventType "team-tourn"]
[EventCountry "GER"]
[SourceTitle "playchess.com"]
[Source "ChessBase"]
[SourceQuality "1"]

1. e4 c6 2. d4 d5 3. exd5 cxd5 4. Bd3 Nc6 5. c3 Nf6 6. Bf4 Bg4 7. Qb3 Qd7 8. Nd2 e6 9. Ngf3 Bd6 10. Ne5 Qc7 11. O-O O-O 12. h3 Bh5 13. Rfe1 Nd7 14. g4 Bg6 15. Nxg6 hxg6 16. Bxd6 Qxd6 17. Re3 a6 18. Rae1 b5 19. a3 Na5 20. Qd1 Nc4 21. Bxc4 bxc4 22. b4 cxb3 23. Qxb3 Rfb8 24. Qa2 Rb6 25. c4 dxc4 26. Nxc4 Qd5 27. Qe2 Rc6 28. Ne5 Nxe5 29. dxe5 Rac8 30. Rd3 Qb5 31. Qe3 Rc5 32. f4 Rc2 33. Red1 Qc6 34. R3d2 Rxd2 35. Rxd2 Qc1+ 36. Kg2 Rc2 37. Re2 Qxe3 0-1

[Event "DSOL 2021"]
[Site "Germany"]
[Date "2021.03.19"]
[Round "6.2"]
[White "Halt, David"]
[Black "Rolf, Marco"]
[Result "1-0"]
[WhiteElo "2054"]
[BlackElo "2113"]
[Annotator "NA"]
[PlyCount "55"]
[EventDate "2021.01.18"]
[EventType "team-tourn"]
[EventCountry "GER"]
[SourceTitle "playchess.com"]
[Source "ChessBase"]
[SourceQuality "1"]
[WhiteTeam "SK Vellmar"]
[BlackTeam "SK Gernsheim"]

1. e4 e6 2. d4 d5 3. Nd2 Nf6 4. e5 Nfd7 5. Bd3 c5 6. c3 Nc6 7. Ne2 cxd4 8. cxd4 f6 9. exf6 Nxf6 10. Nf3 Bd6 11. O-O O-O 12. Bf4 Bxf4 13. Nxf4 Ne4 14. Qc1 Ng5 15. Nxg5 Qxg5 16. Bxh7+ Kxh7 17. Nxe6 Qxc1 18. Nxf8+ Kg8 19. Raxc1 Kxf8 20. Rfe1 Kf7 21. h4 Be6 22. f3 Rh8 23. g3 Nxd4 24. Rc7+ Kf6 25. Kg2 Rc8 26. Rxe6+ Nxe6 27. Rxc8 d4 28. Kf2 1-0

[Event "DSOL 2021"]
[Site "Germany"]
[Date "2021.03.15"]
[Round "6.2"]
[White "Hein, Ralf"]
[Black "Agne, Marcel"]
[Result "1-0"]
[WhiteElo "2053"]
[BlackElo "1982"]
[Annotator "TA"]
[PlyCount "61"]
[EventDate "2021.01.18"]
[EventType "team-tourn"]
[EventCountry "GER"]
[SourceTitle "playchess.com"]
[Source "ChessBase"]
[SourceQuality "1"]

1. c4 c5 2. Nc3 Nc6 3. e4 g6 4. d3 Bg7 5. Be3 d6 6. Qd2 Nf6 7. h3 Nd4 8. g3 O-O 9. Bg2 e5 10. Nge2 Be6 11. Nd5 Qd7 12. Nxd4 cxd4 13. Bh6 Bxh6 14. Qxh6 Bxd5 15. cxd5 Qb5 16. Qd2 Rac8 17. O-O Nd7 18. Rfc1 Nc5 19. Bf1 Na4 20. Rxc8 Rxc8 21. b3 Nc3 22. h4 Qd7 23. Qg5 Kg7 24. h5 h6 25. Qh4 g5 26. Qh2 f5 27. Qg2 b5 28. f3 g4 29. f4 Rf8 30. fxe5 dxe5 31. a4 1-0

[Event "DSOL 2021"]
[Site "Germany"]
[Date "2021.03.19"]
[Round "6.2"]
[White "Weichelt, Jens"]
[Black "Bargsten, Justus"]
[Result "1/2-1/2"]
[WhiteElo "2050"]
[BlackElo "1637"]
[Annotator "NA"]
[PlyCount "99"]
[EventDate "2021.01.18"]
[EventType "team-tourn"]
[EventCountry "GER"]
[SourceTitle "playchess.com"]
[Source "ChessBase"]
[SourceQuality "1"]
[WhiteTeam "Rochade Augsburg"]
[BlackTeam "Stader SV"]

1. d4 Nf6 2. Nf3 d5 3. c4 e6 4. g3 dxc4 5. Qa4+ Bd7 6. Qxc4 Bc6 7. Bg2 Bd5 8. Qc2 Nc6 9. e3 e5 10. dxe5 Nxe5 11. Nbd2 Nxf3+ 12. Nxf3 Be4 13. Qa4+ Bc6 14. Qb3 Bd5 15. Qa4+ Bc6 16. Qb3 Bd6 17. O-O O-O 18. Rd1 Qe7 19. Bd2 Ne4 20. Nd4 Bd7 21. Rac1 Bg4 22. Bf3 Bxf3 23. Nxf3 Qf6 24. Kg2 Rfe8 25. Bb4 c5 26. Bc3 Nxc3 27. Qxc3 Qxc3 28. Rxc3 Rad8 29. Rcd3 Bc7 30. Rxd8 Rxd8 31. Rxd8+ Bxd8 32. Kf1 Bf6 33. b3 Kf8 34. Ke2 Ke7 35. Kd3 Kd6 36. Kc4 Kc6 37. a4 b6 38. Nd2 a6 39. h3 b5+ 40. axb5+ axb5+ 41. Kd3 Bd8 42. Nf3 f5 43. g4 g6 44. gxf5 gxf5 45. e4 fxe4+ 46. Kxe4 Bf6 47. Nd2 Bc3 48. Nf1 c4 49. bxc4 bxc4 50. Ne3 1/2-1/2

[Event "DSOL 2021"]
[Site "Germany"]
[Date "2021.03.16"]
[Round "6.2"]
[White "Tebelmann, Lars"]
[Black "Leibovitch, Iziaslav"]
[Result "1/2-1/2"]
[WhiteElo "2027"]
[BlackElo "2074"]
[Annotator "RC"]
[PlyCount "88"]
[EventDate "2021.01.18"]
[EventType "team-tourn"]
[EventCountry "GER"]
[SourceTitle "playchess.com"]
[Source "ChessBase"]
[SourceQuality "1"]

1. c4 Nf6 2. Nf3 g6 3. g3 Bg7 4. Bg2 O-O 5. O-O d6 6. d4 Nc6 7. Nc3 Bf5 8. d5 Na5 9. Nd4 Bd7 10. Qd3 c5 11. Nc2 a6 12. Rb1 b5 13. b3 Rb8 14. Bd2 Ng4 15. f4 f5 16. h3 Nf6 17. Kh2 b4 18. Nd1 Ne4 19. Bxe4 fxe4 20. Qe3 e5 21. dxe6 Bxe6 22. Qxe4 Qd7 23. Qg2 d5 24. cxd5 Bxd5 25. e4 Bxe4 26. Qxe4 Qxd2+ 27. Rf2 Qd6 28. Nde3 Rfe8 29. Qf3 Nc6 30. Nc4 Qd7 31. Rd2 Nd4 32. Qf2 Qc6 33. Rf1 Rbd8 34. Nxd4 Bxd4 35. Qg2 Qe6 36. Rfd1 Qe4 37. Ne5 Qxg2+ 38. Kxg2 Rc8 39. Nc4 Re6 40. Kf3 Rce8 41. Kg2 Re2+ 42. Kf3 R2e6 43. Kg2 Re2+ 44. Kf3 R2e6 1/2-1/2

[Event "DSOL 2021"]
[Site "Germany"]
[Date "2021.03.16"]
[Round "6.2"]
[White "Mueller, Thomas"]
[Black "Lehmann, Martin"]
[Result "1-0"]
[WhiteElo "2025"]
[BlackElo "1947"]
[Annotator "TA"]
[PlyCount "111"]
[EventDate "2021.01.18"]
[EventType "team-tourn"]
[EventCountry "GER"]
[SourceTitle "playchess.com"]
[Source "ChessBase"]
[SourceQuality "1"]

1. d4 d5 2. c4 e6 3. Nc3 Nf6 4. Bg5 Nbd7 5. cxd5 exd5 6. e3 c6 7. Bd3 Be7 8. Nge2 O-O 9. O-O Re8 10. Rc1 Nf8 11. a3 Ne6 12. Bh4 Nh5 13. Bxe7 Rxe7 14. b4 g6 15. Qb3 Nf6 16. Rfe1 Ng5 17. Ng3 Nge4 18. Ncxe4 Nxe4 19. Re2 Nxg3 20. hxg3 Be6 21. Qb1 Qd6 22. Rec2 Kg7 23. a4 h5 24. b5 Bd7 25. a5 cxb5 26. Bxb5 Bxb5 27. Qxb5 Rh8 28. Qc5 Qxc5 29. Rxc5 Rd8 30. Rc7 Rdd7 31. Rxd7 Rxd7 32. f4 Kf6 33. Kf2 Ke6 34. Kf3 Kd6 35. g4 Rc7 36. Rxc7 Kxc7 37. gxh5 gxh5 38. e4 Kd6 39. e5+ Ke6 40. g4 hxg4+ 41. Kxg4 b6 42. axb6 axb6 43. f5+ Ke7 44. Kf4 Kd7 45. Ke3 Ke7 46. Kd3 f6 47. e6 Kd6 48. Kc3 Kc7 49. Kb3 Kd6 50. Ka4 Kc6 51. Kb4 Kd6 52. Kb5 Kc7 53. e7 Kd7 54. Kxb6 Kxe7 55. Kc6 Kf7 56. Kxd5 1-0

[Event "DSOL 2021"]
[Site "Germany"]
[Date "2021.03.18"]
[Round "6.2"]
[White "Gremmel, Jonas Simon"]
[Black "Koop, Soeren"]
[Result "1-0"]
[WhiteElo "2021"]
[BlackElo "2110"]
[Annotator "RC"]
[PlyCount "121"]
[EventDate "2021.01.18"]
[EventType "team-tourn"]
[EventCountry "GER"]
[SourceTitle "playchess.com"]
[Source "ChessBase"]
[SourceQuality "1"]

1. d4 d6 2. Nf3 Nd7 3. e4 e5 4. dxe5 Nxe5 5. Nxe5 dxe5 6. Qxd8+ Kxd8 7. Bc4 Ke8 8. Be3 Nf6 9. f3 Bd6 10. Nd2 Ke7 11. Rd1 Be6 12. Ke2 Rhd8 13. a4 a6 14. c3 Nd7 15. a5 Bc5 16. b4 Bxe3 17. Kxe3 b5 18. Bxe6 Kxe6 19. Nb3 c5 20. bxc5 Nf6 21. g3 Rac8 22. Rhe1 Rd7 23. g4 Rc6 24. g5 Ne8 25. Rxd7 Kxd7 26. Rd1+ Ke7 27. f4 exf4+ 28. Kxf4 Nc7 29. Ke3 Ne6 30. Rd5 g6 31. h4 Nc7 32. Re5+ Re6 33. Kd4 f6 34. gxf6+ Kxf6 35. Rxe6+ Kxe6 36. Nc1 h6 37. Nd3 g5 38. hxg5 hxg5 39. Ke3 Kf6 40. Kf3 Ne6 41. Kg4 Nc7 42. Kg3 Ke6 43. Kf3 Kf6 44. Kg4 Ne6 45. e5+ Ke7 46. c6 Kd8 47. Kf5 Ke7 48. Nb4 Nc7 49. Kxg5 Ne6+ 50. Kf5 Nc7 51. Ke4 Ke6 52. Kd4 Kf5 53. Nd3 Ke6 54. Nf4+ Kf5 55. Nd5 Ne6+ 56. Ke3 Kxe5 57. c7 Nxc7 58. Nxc7 b4 59. cxb4 Kd6 60. Nxa6 Kc6 61. Nc5 1-0

[Event "DSOL 2021"]
[Site "Germany"]
[Date "2021.03.15"]
[Round "6.2"]
[White "Rebentisch, Tom"]
[Black "Richter, Georg"]
[Result "1/2-1/2"]
[WhiteElo "2021"]
[BlackElo "2176"]
[Annotator "TA"]
[PlyCount "110"]
[EventDate "2021.01.18"]
[EventType "team-tourn"]
[EventCountry "GER"]
[SourceTitle "playchess.com"]
[Source "ChessBase"]
[SourceQuality "1"]

1. e4 d6 2. d4 Nf6 3. Nc3 g6 4. f4 Bg7 5. Nf3 O-O 6. Be2 c5 7. dxc5 Qa5 8. O-O Qxc5+ 9. Kh1 Nbd7 10. Bd3 a6 11. a4 b6 12. Qe2 Bb7 13. Bd2 Qh5 14. Rae1 Nc5 15. b4 Nxd3 16. cxd3 a5 17. Rb1 axb4 18. Rxb4 Nd7 19. Rc1 Rfc8 20. d4 Ba6 21. Qe3 Bc4 22. h3 Qa5 23. Rb2 Qa6 24. Kh2 Ra7 25. Nb5 Raa8 26. Rb4 Bxb5 27. axb5 Qa2 28. Rc6 Bh6 29. Qc3 Rd8 30. Rc7 Nf6 31. d5 Ra3 32. Qc2 Qxc2 33. Rxc2 Rda8 34. Rbc4 R3a4 35. Rc8+ Rxc8 36. Rxc8+ Kg7 37. e5 dxe5 38. fxe5 Nxd5 39. Bxh6+ Kxh6 40. Rd8 Nc3 41. Rb8 Nd5 42. Rd8 Nf4 43. Kg3 Ne2+ 44. Kf2 Ra2 45. Rd7 Nd4+ 46. Kf1 Nxb5 47. Rxe7 Ra7 48. Re8 Nc3 49. e6 fxe6 50. Rxe6 b5 51. Rb6 Ra4 52. Rb7 Ra2 53. g4 Ne4 54. Kg1 Ng5 55. Nxg5 Kxg5 1/2-1/2

[Event "DSOL 2021"]
[Site "Germany"]
[Date "2021.03.16"]
[Round "6.2"]
[White "Klaas, Heiko"]
[Black "Noack, Mario"]
[Result "1-0"]
[WhiteElo "2012"]
[BlackElo "1959"]
[Annotator "TA"]
[PlyCount "55"]
[EventDate "2021.01.18"]
[EventType "team-tourn"]
[EventCountry "GER"]
[SourceTitle "playchess.com"]
[Source "ChessBase"]
[SourceQuality "1"]

1. e4 c6 2. d4 d5 3. e5 Bf5 4. h4 h5 5. Bd3 Bxd3 6. Qxd3 e6 7. Bg5 Be7 8. Nf3 Nd7 9. Nbd2 Qb6 10. O-O c5 11. c4 f6 12. Qg6+ Kf8 13. exf6 gxf6 14. cxd5 fxg5 15. dxe6 Nh6 16. hxg5 Rg8 17. Qxh6+ Rg7 18. d5 Kg8 19. exd7 Qd8 20. Qe6+ Kh8 21. Ne4 a5 22. d6 Ra6 23. Rad1 Kh7 24. Qh6+ Kg8 25. dxe7 Rxe7 26. Nf6+ Kf7 27. Qh7+ Ke6 28. Rfe1# 1-0

[Event "DSOL 2021"]
[Site "Germany"]
[Date "2021.03.15"]
[Round "6.2"]
[White "Machlin, Maxim"]
[Black "Henrich, David"]
[Result "1-0"]
[WhiteElo "2007"]
[BlackElo "2131"]
[Annotator "TA"]
[PlyCount "47"]
[EventDate "2021.01.18"]
[EventType "team-tourn"]
[EventCountry "GER"]
[SourceTitle "playchess.com"]
[Source "ChessBase"]
[SourceQuality "1"]

1. e4 d6 2. Nc3 c5 3. Nf3 Nc6 4. d4 cxd4 5. Nxd4 e5 6. Nf3 Be6 7. Ng5 Be7 8. Nxe6 fxe6 9. Qh5+ g6 10. Qg4 Nd4 11. Bd3 Nf6 12. Qh3 h5 13. O-O a6 14. Be3 Ng4 15. Bxd4 exd4 16. Ne2 e5 17. Bc4 Qd7 18. Qb3 Kf8 19. f4 Nf6 20. Nxd4 exd4 21. e5 Ng4 22. f5 dxe5 23. fxg6+ Nf6 24. Bb5 1-0

[Event "DSOL 2021"]
[Site "Germany"]
[Date "2021.03.18"]
[Round "6.2"]
[White "Raider, Eugen"]
[Black "Jurkic, Zarko"]
[Result "1/2-1/2"]
[WhiteElo "2005"]
[BlackElo "1620"]
[Annotator "TA"]
[PlyCount "51"]
[EventDate "2021.01.18"]
[EventType "team-tourn"]
[EventCountry "GER"]
[SourceTitle "playchess.com"]
[Source "ChessBase"]
[SourceQuality "1"]

1. e4 c5 2. a3 e6 3. b4 d5 4. exd5 exd5 5. Bb5+ Bd7 6. Qe2+ Qe7 7. Nc3 Qxe2+ 8. Ngxe2 Nf6 9. bxc5 Bxc5 10. d4 Bd6 11. Bxd7+ Kxd7 12. Bg5 Ne4 13. Nxe4 dxe4 14. Ng3 Bxg3 15. hxg3 h6 16. Rb1 b6 17. g4 Nc6 18. Bf4 Rac8 19. Rh3 Ne7 20. Kd2 Nd5 21. Bh2 Rc6 22. Rb5 Ke6 23. Rh5 g5 24. Rh3 Rhc8 25. Rxh6+ f6 26. Rb2 1/2-1/2

[Event "DSOL 2021"]
[Site "Germany"]
[Date "2021.03.18"]
[Round "6.2"]
[White "Andrae, Ralf"]
[Black "Zimm, Justus"]
[Result "1-0"]
[WhiteElo "2003"]
[BlackElo "2065"]
[Annotator "TA"]
[PlyCount "85"]
[EventDate "2021.01.18"]
[EventType "team-tourn"]
[EventCountry "GER"]
[SourceTitle "playchess.com"]
[Source "ChessBase"]
[SourceQuality "1"]

1. e4 c5 2. Nf3 d6 3. c4 Nf6 4. Nc3 g6 5. d4 cxd4 6. Nxd4 Bg7 7. Be2 O-O 8. Be3 a5 9. O-O a4 10. Rc1 a3 11. b3 Nc6 12. Ndb5 Bd7 13. f3 Nb4 14. Qd2 Bxb5 15. cxb5 d5 16. Bc5 d4 17. Na4 d3 18. Bd1 Nc2 19. Bxc2 dxc2 20. Rxc2 Rc8 21. Rd1 Qc7 22. b6 Qe5 23. Qd4 Qg5 24. Qd2 Qe5 25. Rcc1 h5 26. Bxa3 Rcd8 27. Qc3 Qf4 28. Qe1 h4 29. Bxe7 Rxd1 30. Rxd1 Re8 31. Bd6 Qg5 32. Qd2 Qxd2 33. Rxd2 Bh6 34. Rd1 Rd8 35. e5 Ne8 36. Kf2 Bf4 37. Nc5 Bxe5 38. Nxb7 Rd7 39. Bxe5 Rxd1 40. Nc5 Rd2+ 41. Ke3 Rd5 42. b7 Rxe5+ 43. Kd4 1-0

[Event "DSOL 2021"]
[Site "Germany"]
[Date "2021.03.16"]
[Round "6.2"]
[White "Simukov, Erik"]
[Black "Hofer, Markus"]
[Result "1-0"]
[WhiteElo "2000"]
[BlackElo "2058"]
[Annotator "NA RC"]
[PlyCount "55"]
[EventDate "2021.01.18"]
[EventType "team-tourn"]
[EventCountry "GER"]
[SourceTitle "playchess.com"]
[Source "ChessBase"]
[SourceQuality "1"]

1. e4 Nf6 2. e5 Nd5 3. d4 d6 4. Nf3 Bg4 5. Be2 e6 6. O-O Be7 7. h3 Bh5 8. c4 Nb6 9. Nc3 O-O 10. Be3 d5 11. c5 N6d7 12. b4 b6 13. Qa4 c6 14. Rfc1 bxc5 15. bxc5 f6 16. Ng5 Bf7 17. Nxf7 Rxf7 18. Bg4 Nf8 19. exf6 gxf6 20. Rab1 Qc7 21. Ne2 e5 22. Ng3 Nbd7 23. Nf5 Kh8 24. Rc3 exd4 25. Bxd4 Ng6 26. Rcb3 Nxc5 27. Bxc5 Bxc5 28. Rb7 1-0